Poverty, growth and income inequality in Kenya : (Record no. 1285)

MARC details
000 -LEADER
fixed length control field 00877nam a22002532 4500
001 - CONTROL NUMBER
control field 0000023255
005 - DATE AND TIME OF LATEST TRANSACTION
control field 20151021151143.0
008 - FIXED-LENGTH DATA ELEMENTS--GENERAL INFORMATION
fixed length control field 121004s xx 000 0 eng d
020 ## - INTERNATIONAL STANDARD BOOK NUMBER
International Standard Book Number 9966777857 :
040 ## - CATALOGING SOURCE
Original cataloging agency KABU
Transcribing agency KABU
100 1# - MAIN ENTRY--PERSONAL NAME
Personal name Gakuru, Rhoda.
-- 0000182611
245 10 - TITLE STATEMENT
Title Poverty, growth and income inequality in Kenya :
Remainder of title a SAM perspective /
Statement of responsibility, etc. Rhoda Gakuru, Naomi Mathenge.
250 ## - EDITION STATEMENT
Edition statement 1st ed.
260 ## - PUBLICATION, DISTRIBUTION, ETC. (IMPRINT)
Place of publication, distribution, etc. Nairobi :
Name of publisher, distributor, etc. KIPPRA,
Date of publication, distribution, etc. 2011.
300 ## - PHYSICAL DESCRIPTION
Extent v, 33 p.
650 #0 - SUBJECT ADDED ENTRY--TOPICAL TERM
Topical term or geographic name as entry element Poverty
Geographic subdivision Kenya.
-- 0000160791
650 #0 - SUBJECT ADDED ENTRY--TOPICAL TERM
Topical term or geographic name as entry element Income distribution
Location of event Kenya.
-- 0000158009
651 #0 - SUBJECT ADDED ENTRY--GEOGRAPHIC NAME
Geographic name Kenya
General subdivision Economic conditions.
-- 0000148722
700 1# - ADDED ENTRY--PERSONAL NAME
Personal name Mathenge, Naomi.
-- 0000182612
852 1# - LOCATION
-- p200 KES
852 1# - LOCATION
-- p200 KES
908 ## - PUT COMMAND PARAMETER (RLIN)
Put command parameter 121004
950 ## - LOCAL HOLDINGS (RLIN)
-- 1
Holdings
Withdrawn status Lost status Source of classification or shelving scheme Not for loan Home library Current library Date acquired Total Checkouts Full call number Barcode Date last seen Price effective from Koha item type Copy number
    Library of Congress Classification   Kabarak, Main Campus Kabarak, Main Campus 21/10/2015   HC865 .P6G35 2011 c. 3 014298 02/08/2024 21/10/2015 General Collection c.3
    Library of Congress Classification   Kabarak, Main Campus Kabarak, Main Campus 17/12/2015   HC865 .P6G35 2011 c. 2 014297 02/08/2024 17/12/2015 General Collection  
    Library of Congress Classification   Kabarak, Main Campus Kabarak, Main Campus 17/12/2015   HC865 .P6G35 2011 c. 1 013769 17/12/2015 17/12/2015 Africana Collection  
    Library of Congress Classification   Kabarak, Nakuru City Campus Kabarak, Nakuru City Campus 21/10/2015   HC865 .P6G35 2011 c. 1 014294 21/10/2015 21/10/2015 General Collection  
    Library of Congress Classification   Kabarak, Nakuru City Campus Kabarak, Nakuru City Campus 21/10/2015   HC865 .P6G35 2011 c. 2 015784 21/10/2015 21/10/2015 General Collection  
Designed with assistance from East African Informatics Ltd